000 00664nam a2200193 a 4500
001 000025419
003 AM-YEHGA
005 20250617121044.0
008 980324s1922 tu ||||||| u arm
040 _aAM-YeHGA
041 1 _aarm
245 0 0 _aՀաֆըզ :
_b(Պարսիկ բանաստեղծութիին) : Հնգեակներ, քառեակներ ու տաղեր /
_cԹարգ. Մ.Վ. Մաքսուդեանց.
260 0 _aՊօլիս :
_bՄ. Տեր-Սահակեան ,
_c1922.
300 _a32 էջ
650 1 4 _aԻրանական գրականություն
700 1 _aՄաքսուդեանց, Մ.Վ.
_eթարգմ.
_4trl
942 _2udc
_cBK
090 _c10556
999 _c10481
_d10481